000 00331nam a22001337a 4500
008 170505b xxu||||| |||| 00| 0 eng d
020 _a9780521819497
041 _aeng
080 _a341
100 _a15
101 _aSHJ
245 _aUNITED STATES HEGEMONY AND THE FOUNDATIONS OF INTERNATIONAL LAW
_cBYERS, M
942 _2udc
_cBK
999 _c12730
_d12730